000
00268nam a22000977a 4500
008
230607b |||||||| |||| 00| 0 eng d
020
_a
9780008164706
100
_a
WALLIAMS DAVID
_9
7684
245
_a
THE ICE MONSTER
260
_a
LONDON
_b
HARPER COLLINS CHILDREN'S BOOK
_c
2018
999
_c
12318
_d
12318